| 000 | 00519 a2200205 4500 | ||
|---|---|---|---|
| 001 | sjds | ||
| 003 | sjds | ||
| 005 | 20240422094224.0 | ||
| 008 | 240422b |||||||| |||| 00| 0 spa d | ||
| 020 | _a9789996480812 | ||
| 020 | _a999648081X | ||
| 040 | _csjds | ||
| 041 | _aspa | ||
| 100 | _aPierson, Pierre | ||
| 245 |
_aAlas Nuevas / _cPierre Pierson ; Wally Gomez, illustracion |
||
| 260 |
_aManagua : _bEdiciones Mar Dulce, _c2011 |
||
| 300 |
_a1 v. _bColor illustrations |
||
| 700 | 1 | _aGomez, Wally | |
| 942 | _cBK | ||
| 999 |
_c25669 _d25669 |
||